Toutes les communes du canton de Châteaubriant (44) - Statistiques

Statistiques générales
  • Ce quiz a été pris 31 fois
  • Le résultat moyen est 11 sur 19
Réponses sur la Carte
Les réponses sont colorées sur une échelle allant du rouge au vert en fonction du pourcentage des utilisateurs qui les ont devinées à leur premier essai. Vous pouvez retrouver ces pourcentages ci-dessous.
 
Statistiques - réponses
Commune % Correct
Châteaubriant
100%
Soudan
89%
Erbray
67%
Issé
67%
Louisfert
67%
Rougé
67%
Saint-Julien-de-Vouvantes
67%
Grand-Auverné
56%
La Chapelle-Glain
56%
La Meilleraye-de-Bretagne
56%
Moisdon-la-Rivière
56%
Petit-Auverné
56%
Saint-Aubin-des-Châteaux
56%
Soulvache
56%
Noyal-sur-Brutz
44%
Ruffigné
44%
Fercé
33%
Juigné-des-Moutiers
33%
Villepot
33%
Aucun quiz correspondant
Distribution des résultats
% des personnes avec chaque résultat
Percentile par nombre de réponses
Votre historique - résultats
Vous n’avez pas pris ce quiz